000 00639nam a2200217Ia 4500
008 191130s2009##################000#0#eng##
020 _a9780763755225
022 _a2008018114
040 _aACL
_cACL
082 _a363.25 BEC
100 _aBecker, Ronald F
245 _aCriminal investigation
_cRonald F. Becker
250 _a3rd ed
260 _aSudbury, MA
_bJones and Bartlett Publishers
_cc2009
300 _axviii, 581 p. : ill. ; 26 cm
500 _aIncludes bibliographical references and index
650 _aCriminal investigation
990 _ad94bbfd1ac10000c18eaa6632c0dbadb
991 _a367501
999 _c253826
_d253826